LEADER 00977nam a2200217 i 4500 001 000000239447 003 CaOOAMICUS 005 20150305000000.0 008 150305s1967 it u000 u ita u 013 $a218352 040 $aSeMil$bita 245 12$aL'assistenza agli anziani in Istituto :$borientamenti generali e indirizzi pratici. 260 $a[S.l. :$bs.n.],$cstampa 1967$e(Firenze :$fCartografica,$gstampa 1967) 300 $a206 p. ;$c21 cm. 490 0 $aSussidi tecnici per i servizi sociali ;$v4 650 4$aAnziani - Assistenza.$0(OLS)http://semarc/subject/24889 830 0$aSussidi tecnici per i servizi sociali ;$v4.$0(OLS)http://semarc/title/42826 850 $aSeMil 852 $aSeMil$W1$xVenegono$y1$m3N II 324$j189793$B189793$CSeMilBibl$Z2$F200620 $81 996 $6245$aL'assistenza agli anziani in Istituto :$borientamenti generali e indirizzi pratici$9(OLS)http://semarc/title/340955 996 $6260$a[S.l. :$bs.n.]$9(OLS)http://semarc/publisher/29751 LEADER 01577nam a2200253 i 4500 001 000000030369 003 CaOOAMICUS 005 20180830125449.0 008 180830s1892 fr u000 u und u 040 $aSeMil$bita 100 1 $aKnabenbauer, Joseph .$0(OLS)http://semarc/name/5770 245 10$aCommentarius in quatuor s. Evangelia Domini N. Iesu Christi /$cauctore Iosepho Knabenbauer. 260 $aParisiis :$bsumptibus P. Lethielleux,$c1892-1898. 300 $a4 v. (in 5 tomi) ;$c26 cm. 650 4$aBibbia. Nuovo Testamento. Vangeli - Commentari, studi, critica, interpretazioni.$0(OLS)http://semarc/subject/537 773 0 $tCommentariorum in Nov. Test. Pars 1., in Libros historicos.$dParis : Lethielleux, 1937.$kCursus Scripturae Sacrae$w()29577 774 0 $tCommentarius in Evangelium secundum Matthaeum. Pars prior cap. 1-13.$kCursus Scripturae Sacrae$g1$w()232173 774 0 $tCommentarius in Evangelium secundum Matthaeum. Pars altera cap. 14-28 complectens.$kCursus Scripturae Sacrae$g1$w()232174 774 0 $tEvangelium secundum S. Marcum.$kCursus Scripturae Sacrae$g2$w()232175 774 0 $tEvangelium secundum Lucam.$kCursus Scripturae Sacrae$g3$w()232176 774 0 $tEvangelium secundum Ioannem.$kCursus Scripturae Sacrae$g4$w()232177 774 0 $aKnabenbauer, Joseph $tCommentarius in Actus apostolorum.$kCursus Scripturae Sacrae$g4$w()232178 996 $6245$aCommentarius in quatuor s. Evangelia Domini N. Iesu Christi$9(OLS)http://semarc/title/41334 996 $6260$aParisiis :$bsumptibus P. Lethielleux$9(OLS)http://semarc/publisher/35354